An Experiential Approach to Organization Development / (Record no. 14765)
[ view plain ]
| 000 -LEADER | |
|---|---|
| fixed length control field | 00901cam a22002658a 4500 |
| 001 - CONTROL NUMBER | |
| control field | 13838705 |
| 005 - DATE AND TIME OF LATEST TRANSACTION | |
| control field | 20201128020848.0 |
| 008 - FIXED-LENGTH DATA ELEMENTS--GENERAL INFORMATION | |
| fixed length control field | 050111s20042011nju | b 001 0 eng d |
| 020 ## - INTERNATIONAL STANDARD BOOK NUMBER | |
| International Standard Book Number | 0132546140 |
| 020 ## - INTERNATIONAL STANDARD BOOK NUMBER | |
| International Standard Book Number | 9780132546140 |
| 040 ## - CATALOGING SOURCE | |
| Original cataloging agency | DLC |
| Transcribing agency | DLC |
| Modifying agency | DLC |
| 042 ## - AUTHENTICATION CODE | |
| Authentication code | pcc |
| 082 00 - DEWEY DECIMAL CLASSIFICATION NUMBER | |
| Edition number | 22 |
| Classification number | 658.4063 |
| Item number | BRO |
| 100 1# - MAIN ENTRY--PERSONAL NAME | |
| 9 (RLIN) | 889 |
| Personal name | Brown, Donald R. |
| Dates associated with a name | 1945- |
| 245 13 - TITLE STATEMENT | |
| Title | An Experiential Approach to Organization Development / |
| Statement of responsibility, etc | Donald R. Brown. |
| 250 ## - EDITION STATEMENT | |
| Edition statement | 8th ed. |
| Remainder of edition statement | International Edition |
| 260 ## - PUBLICATION, DISTRIBUTION, ETC. (IMPRINT) | |
| Place of publication, distribution, etc | Boston : |
| Name of publisher, distributor, etc | Pearson Prentice Hall, |
| Date of publication, distribution, etc | c2011. |
| 300 ## - PHYSICAL DESCRIPTION | |
| Extent | 474 p. : |
| Other physical details | ill. ; |
| Dimensions | 24 cm. |
| 504 ## - BIBLIOGRAPHY, ETC. NOTE | |
| Bibliography, etc | Includes bibliographical references and index. |
| 541 ## - IMMEDIATE SOURCE OF ACQUISITION NOTE | |
| Source of acquisition | Baccah ; |
| 650 #0 - SUBJECT ADDED ENTRY--TOPICAL TERM | |
| Topical term or geographic name as entry element | Organizational change. |
| 9 (RLIN) | 885 |
| 650 #0 - SUBJECT ADDED ENTRY--TOPICAL TERM | |
| 9 (RLIN) | 891 |
| Topical term or geographic name as entry element | Organizational effectiveness |
| 942 ## - ADDED ENTRY ELEMENTS (KOHA) | |
| Source of classification or shelving scheme | Dewey Decimal Classification |
| Item type | Book - Borrowing |
| Withdrawn status | Item status | Source of classification or shelving scheme | Damaged status | Not for loan | Vendor | Home library | Current library | Shelving location | Date acquired | Source of acquisition | Total Checkouts | Total Renewals | Full call number | Barcode | Date last seen | Date last borrowed | Koha item type | Materials specified (bound volume or other part) |
|---|---|---|---|---|---|---|---|---|---|---|---|---|---|---|---|---|---|---|
| Dewey Decimal Classification | Baccah | Central Library | Central Library | First floor | 13/10/2010 | 17 | 39 | 658.4063 BRO | 000021912 | 15/07/2025 | 05/12/2017 | Book - Borrowing | ||||||
| Dewey Decimal Classification | Baccah | Central Library | Central Library | First floor | 13/10/2010 | 1 | 658.4063 BRO | 000021913 | 15/07/2025 | 17/11/2013 | NB - Book (Non borrowing) | |||||||
| Dewey Decimal Classification | Baccah | Central Library | Central Library | First floor | 13/10/2010 | 14 | 58 | 658.4063 BRO | 000021914 | 15/07/2025 | 10/12/2019 | Book - Borrowing | ||||||
| Dewey Decimal Classification | Baccah | Central Library | Central Library | First floor | 19/09/2011 | 7 | 56 | 658.4063 BRO | 000024782 | 15/07/2025 | 27/09/2017 | Book - Borrowing | ||||||
| Dewey Decimal Classification | Baccah | Central Library | Central Library | First floor | 19/09/2011 | 13 | 46 | 658.4063 BRO | 000024781 | 15/07/2025 | 01/10/2017 | Book - Borrowing | ||||||
| Dewey Decimal Classification | Baccah | Central Library | Central Library | First floor | 19/09/2011 | 11 | 32 | 658.4063 BRO | 000024780 | 15/07/2025 | 28/11/2017 | Book - Borrowing | ||||||
| Lost | Dewey Decimal Classification | Baccah | Central Library | Central Library | First floor | 19/09/2011 | 6 | 14 | 658.4063 BRO | 000024779 | 03/11/2014 | 29/10/2014 | Book - Borrowing | Lost In Inventory_2015-8-23 |